| 000 | 01667cam a2200445 i 4500 | ||
|---|---|---|---|
| 999 |
_c2666 _d2666 |
||
| 001 | 20717488 | ||
| 003 | OSt | ||
| 005 | 20230809141039.0 | ||
| 008 | 181024s2018 enka 001 0 eng d | ||
| 010 | _a 2018418074 | ||
| 015 |
_aGBB856107 _2bnb |
||
| 015 |
_aGBB864856 _2bnb |
||
| 016 | 7 |
_a018804975 _2Uk |
|
| 016 | 7 |
_a018827657 _2Uk |
|
| 020 |
_a9780198424956 _q(pbk.) |
||
| 035 | _a(OCoLC)on1052068092 | ||
| 040 |
_aNLE _beng _cNLE _erda _dOCLCO _dOCLCF _dUKMGB _dHUA _dOCLCQ _dOCL _dDLC _dKH8 |
||
| 042 | _alccopycat | ||
| 082 | 0 | 4 | _a910 KEL |
| 100 | 1 |
_aKelly, David _c(Geographer), _eauthor. |
|
| 245 | 1 | 0 |
_aComplete geography for Cambridge IGCSE & O level / _cDavid Kelly, Muriel Fretwell. |
| 250 | _aSecond edition. | ||
| 264 | 1 |
_aOxford : _bOxford University Press, _c2018. |
|
| 300 |
_aix, 366 pages : _bcolor illustrations ; _c28 cm |
||
| 336 |
_atext _btxt _2rdacontent |
||
| 337 |
_aunmediated _bn _2rdamedia |
||
| 338 |
_avolume _bnc _2rdacarrier |
||
| 500 | _aIncludes index. | ||
| 650 | 0 |
_aGeography _xExaminations _vStudy guides. |
|
| 650 | 0 |
_aGeography _xStudy and teaching (Secondary) |
|
| 650 | 0 |
_aInternational General Certificate of Secondary Education _vStudy guides. |
|
| 650 | 7 |
_aInternational General Certificate of Secondary Education. _2fast _0(OCoLC)fst00976661 |
|
| 650 | 7 |
_aGeography _xStudy and teaching (Secondary) _2fast _0(OCoLC)fst00940548 |
|
| 650 | 7 |
_aGeography _xExaminations. _2fast _0(OCoLC)fst00940484 |
|
| 650 | 7 |
_aGeography. _2fast _0(OCoLC)fst00940469 |
|
| 655 | 7 |
_aStudy guides. _2fast _0(OCoLC)fst01423888 |
|
| 700 | 1 |
_aFretwell, Muriel, _eauthor. |
|
| 906 |
_a7 _bcbc _ccopycat _d2 _encip _f20 _gy-gencatlg |
||
| 942 |
_2ddc _cTR |
||